Adolphe / (Record no. 46912)

MARC details
000 -LEADER
campo de control de longitud fija 00659nam a2200181 i 4500
001 - NÚMERO DE CONTROL
campo de control 46912
003 - IDENTIFICADOR DE NÚMERO DE CONTROL
campo de control ES-MaACL
005 - FECHA Y HORA DE LA ÚLTIMA TRANSACCIÓN
campo de control 20230906161453.0
007 - CAMPO FIJO DE DESCRIPCIÓN FÍSICA--INFORMACIÓN GENERAL
campo de control de longitud fija t|
008 - DATOS DE LONGITUD FIJA--INFORMACIÓN GENERAL
campo de control de longitud fija 030402q1919 fr ||||1| fre d
080 ## - NÚMERO DE LA CLASIFICACIÓN DECIMAL UNIVERSAL
Número de la Clasificación Decimal Universal 821.133.1(494)-31"17"
100 1# - ENTRADA PRINCIPAL--NOMBRE DE PERSONA
Nombre de persona Constant, Benjamin.
9 (RLIN) 40242
245 10 - MENCIÓN DEL TÍTULO
Título Adolphe /
Mención de responsabilidad, etc. par Benjamin Constant.
260 ## - PUBLICACIÓN, DISTRIBUCIÓN, ETC.
Lugar de publicación, distribución, etc. Paris :
Nombre del editor, distribuidor, etc. Librairie Garnier Fréres,
Fecha de publicación, distribución, etc. [1919?]
300 ## - DESCRIPCIÓN FÍSICA
Extensión XV, 326 p. ;
Dimensiones 19 cm.
500 ## - NOTA GENERAL
Nota general Nouvelle edition suivie de la lettre sur Julie, des reflexions sur le thêatre allemand de l'esprit de conquête et de l'insurpation dans leurs rapports avec la civilisation européene.
852 ## - LOCALIZACIÓN
Ubicación ES-MaACL
Número de control de estantería G-8799
Holdings
Estatus retirado Estado de pérdida Estado de daño No para préstamo Biblioteca de origen Biblioteca actual Ubicación en estantería Fecha de adquisición Fuente de adquisición Total de préstamos Signatura topográfica completa Código de barras Visto por última vez Precio de reemplazo Tipo de ítem Koha
        Biblioteca del Ateneo de Madrid Biblioteca del Ateneo de Madrid Sala Pecera Planta 3 17/01/2008     G-8799 1049338 23/02/2023 23/02/2023 Libro impreso